[Event "Bundesliga 9798"]
[Site "Deutschland"]
[Date "1998.??.??"]
[Round "?.5"]
[White "Pichler, Juergen"]
[Black "Schoene, Ralf"]
[Result "1-0"]
[WhiteElo "2395"]
[BlackElo "2435"]
[PlyCount "103"]
[EventDate "1997.10.??"]
[EventType "team"]
[EventRounds "15"]
[EventCountry "GER"]
[SourceTitle "Bundesliga 9798"]
[Source "DeepChess"]
[SourceDate "2005.01.01"]
[SourceVersion "1"]
[SourceVersionDate "2005.01.01"]
[SourceQuality "1"]
[WhiteTeam "SK Passau 1869"]
[BlackTeam "SF Neukoelln 03 e.V."]
[WhiteTeamCountry "GER"]
[BlackTeamCountry "GER"]

1. d4 c5 2. d5 e5 3. e4 d6 4. Nc3 a6 5. a4 g6 6. Be2 b6 7. Nf3 Bg7 8. O-O Nh6
9. Nd2 O-O 10. Nc4 f5 11. Rb1 Nf7 12. b4 Nd7 13. bxc5 bxc5 14. Bd2 Nf6 15. exf5
gxf5 16. f4 e4 17. Rb3 Kh8 18. Qb1 Rg8 19. Kh1 Qe7 20. Nb6 Ra7 21. Nd1 Bb7 22.
Ne3 Nh6 23. Bc3 Qf7 24. Qd1 Qg6 25. Rf2 a5 26. Qa1 Ba6 27. Bxa6 Rxa6 28. Nbc4
Ra7 29. h3 Qg3 30. Kg1 Qg6 31. Nxd6 Nxd5 32. Nxd5 Qxd6 33. Nf6 Rf8 34. Rd2 Qxd2
35. Bxd2 Bxf6 36. Qe1 Bd4+ 37. Kh2 Rd7 38. c3 Bg7 39. Rb5 c4 40. Be3 Rd3 41.
Bd4 Bxd4 42. cxd4 e3 43. Re5 Nf7 44. Rxe3 Rxd4 45. Rg3 Rg8 46. Qc3 Rgd8 47.
Qxa5 Rd3 48. Qxf5 Rxg3 49. Kxg3 Kg7 50. Qc5 Rd3+ 51. Kh2 Nd6 52. a5 1-0

[Event "Bundesliga 9798"]
[Site "Deutschland"]
[Date "1998.??.??"]
[Round "?.7"]
[White "Schmidt, Peter"]
[Black "Thiede, Lars"]
[Result "1-0"]
[WhiteElo "2410"]
[BlackElo "2335"]
[PlyCount "77"]
[EventDate "1997.10.??"]
[EventType "team"]
[EventRounds "15"]
[EventCountry "GER"]
[SourceTitle "Bundesliga 9798"]
[Source "DeepChess"]
[SourceDate "2005.01.01"]
[SourceVersion "1"]
[SourceVersionDate "2005.01.01"]
[SourceQuality "1"]
[WhiteTeam "SK Passau 1869"]
[BlackTeam "SF Neukoelln 03 e.V."]
[WhiteTeamCountry "GER"]
[BlackTeamCountry "GER"]

1. Nf3 g6 2. e4 Bg7 3. d4 d6 4. Nc3 a6 5. a4 e6 6. Be3 Nd7 7. Qd2 h6 8. Bd3 Ne7
9. O-O b6 10. h3 Bb7 11. Rad1 Kf8 12. Nh2 Qe8 13. Ng4 h5 14. Nh2 c5 15. Nf3 Rd8
16. Bc4 cxd4 17. Bxd4 Nc5 18. b4 Nxa4 19. Nxa4 Qxa4 20. Bxb6 Rd7 21. Nd4 Bxd4
22. Bxd4 Rh7 23. Rfe1 Qc6 24. Bf1 Ke8 25. c4 e5 26. b5 Qc8 27. Bb6 f6 28. Qb4
axb5 29. cxb5 d5 30. exd5 Nxd5 31. Qa5 Nxb6 32. Qxb6 Qd8 33. Qe6+ Kf8 34. Bc4
Rhg7 35. Rxd7 Rxd7 36. Qg8+ Ke7 37. Qf7+ Kd6 38. Rd1+ Kc7 39. b6+ 1-0

[Event "Bundesliga 9798"]
[Site "Deutschland"]
[Date "1998.??.??"]
[Round "?.8"]
[White "Rudolf, Henrik"]
[Black "Goetz, Ralph"]
[Result "1-0"]
[WhiteElo "2280"]
[BlackElo "2295"]
[PlyCount "91"]
[EventDate "1997.10.??"]
[EventType "team"]
[EventRounds "15"]
[EventCountry "GER"]
[SourceTitle "Bundesliga 9798"]
[Source "DeepChess"]
[SourceDate "2005.01.01"]
[SourceVersion "1"]
[SourceVersionDate "2005.01.01"]
[SourceQuality "1"]
[WhiteTeam "SF Neukoelln 03 e.V."]
[BlackTeam "SK Passau 1869"]
[WhiteTeamCountry "GER"]
[BlackTeamCountry "GER"]

1. e4 c5 2. Nf3 Nc6 3. d4 cxd4 4. Nxd4 Nf6 5. Nc3 e5 6. Ndb5 d6 7. a4 a6 8. Na3
Be6 9. Bc4 h6 10. O-O Rc8 11. Re1 Nb4 12. b3 Be7 13. Bb2 O-O 14. Qd2 Qc7 15.
Nd5 Nbxd5 16. Bxd5 Nxd5 17. exd5 Bf5 18. c4 Bg5 19. Qc3 Bd7 20. a5 f5 21. b4
Bf6 22. Qb3 Rfe8 23. f4 exf4 24. Bxf6 gxf6 25. Qf3 b6 26. Qxf4 Kh7 27. Nc2 Re5
28. axb6 Qxb6+ 29. Kh1 Rce8 30. Qh4 Kg6 31. h3 Re4 32. Rxe4 Rxe4 33. Qg3+ Kh7
34. Qc3 Qf2 35. Re1 Ba4 36. Rxe4 Qf1+ 37. Kh2 fxe4 38. Ne3 Qf4+ 39. Kg1 f5 40.
c5 Qg3 41. Qd4 Qg6 42. c6 f4 43. Ng4 e3 44. Nf6+ Kg7 45. Nh5+ Kg8 46. c7 1-0

[Event "Bundesliga 9798"]
[Site "Deutschland"]
[Date "1997.??.??"]
[Round "?.1"]
[White "Movsesian, Sergei"]
[Black "Cvitan, Ognjen"]
[Result "1-0"]
[WhiteElo "2555"]
[BlackElo "2570"]
[PlyCount "53"]
[EventDate "1997.10.??"]
[EventType "team"]
[EventRounds "15"]
[EventCountry "GER"]
[SourceTitle "Bundesliga 9798"]
[Source "DeepChess"]
[SourceDate "2005.01.01"]
[SourceVersion "1"]
[SourceVersionDate "2005.01.01"]
[SourceQuality "1"]
[WhiteTeam "SF Neukoelln 03 e.V."]
[BlackTeam "SK Zaehringen 1921"]
[WhiteTeamCountry "GER"]
[BlackTeamCountry "GER"]

1. e4 c5 2. Nf3 e6 3. d4 cxd4 4. Nxd4 Nf6 5. Nc3 d6 6. g4 Nc6 7. g5 Nd7 8. Be3
Be7 9. h4 O-O 10. Qh5 a6 11. O-O-O Nxd4 12. Bxd4 b5 13. Bd3 Ne5 14. f4 Nxd3+
15. Rxd3 Bb7 16. Rg1 b4 17. Nd5 exd5 18. Rdg3 Qc7 19. Qh6 Qxc2+ 20. Kxc2 Rfc8+
21. Kd2 gxh6 22. gxh6+ Bg5 23. Rxg5+ Kf8 24. exd5 Ke7 25. Rf5 Rc4 26. Kd3 Rac8
27. Rg7 1-0

[Event "Bundesliga 9798"]
[Site "Deutschland"]
[Date "1997.??.??"]
[Round "?.2"]
[White "Siegel, Georg"]
[Black "Stohl, Igor"]
[Result "1-0"]
[WhiteElo "2540"]
[BlackElo "2565"]
[PlyCount "137"]
[EventDate "1997.10.??"]
[EventType "team"]
[EventRounds "15"]
[EventCountry "GER"]
[SourceTitle "Bundesliga 9798"]
[Source "DeepChess"]
[SourceDate "2005.01.01"]
[SourceVersion "1"]
[SourceVersionDate "2005.01.01"]
[SourceQuality "1"]
[WhiteTeam "SK Zaehringen 1921"]
[BlackTeam "SF Neukoelln 03 e.V."]
[WhiteTeamCountry "GER"]
[BlackTeamCountry "GER"]

1. e4 c5 2. Nf3 d6 3. d4 cxd4 4. Nxd4 Nf6 5. Nc3 a6 6. Be3 e6 7. g4 h6 8. f4
Nc6 9. h3 Qc7 10. Qf3 b5 11. Bd3 Bb7 12. O-O-O Nd7 13. Kb1 b4 14. Nce2 Nxd4 15.
Bxd4 e5 16. fxe5 dxe5 17. Rhf1 f6 18. Be3 Bc5 19. Ng3 Bxe3 20. Qxe3 O-O 21. h4
Nc5 22. g5 fxg5 23. hxg5 Rf4 24. gxh6 g6 25. h7+ Kh8 26. Rxf4 exf4 27. Qd4+ Qg7
28. Qxc5 fxg3 29. Rg1 Rf8 30. Qxb4 Rf3 31. Qd6 g2 32. Rxg2 Bxe4 33. Rd2 Bxd3
34. Rxd3 Rf1+ 35. Rd1 Rxd1+ 36. Qxd1 g5 37. Qg4 Qe5 38. a3 Kxh7 39. c3 Kg6 40.
Kc1 a5 41. a4 Qe1+ 42. Qd1 Qe3+ 43. Kc2 Qf4 44. Qd3+ Kg7 45. Qd7+ Kh6 46. Qc6+
Kh5 47. Qb5 Kh4 48. Qxa5 g4 49. Qd8+ Kh3 50. Qh8+ Kg2 51. Qd4 Qf5+ 52. Qd3 Qe5
53. c4 Kh2 54. Qd2+ Kh3 55. a5 g3 56. Qh6+ Kg4 57. Qg6+ Kh3 58. a6 Qe2+ 59. Kb3
Qe3+ 60. Ka2 g2 61. Qh7+ Kg3 62. a7 Qe8 63. Qd3+ Kf2 64. Qf5+ Ke2 65. Qa5 Qa8
66. Qe5+ Kf1 67. Qb8 Qc6 68. a8=Q Qxc4+ 69. Qb3 1-0

[Event "Bundesliga 9798"]
[Site "Deutschland"]
[Date "1997.??.??"]
[Round "?.3"]
[White "Hellsten, Johan"]
[Black "Baklan, Vladimir"]
[Result "0-1"]
[WhiteElo "2495"]
[BlackElo "2570"]
[PlyCount "74"]
[EventDate "1997.10.??"]
[EventType "team"]
[EventRounds "15"]
[EventCountry "GER"]
[SourceTitle "Bundesliga 9798"]
[Source "DeepChess"]
[SourceDate "2005.01.01"]
[SourceVersion "1"]
[SourceVersionDate "2005.01.01"]
[SourceQuality "1"]
[WhiteTeam "SF Neukoelln 03 e.V."]
[BlackTeam "SK Zaehringen 1921"]
[WhiteTeamCountry "GER"]
[BlackTeamCountry "GER"]

1. d4 Nf6 2. c4 c5 3. d5 b5 4. cxb5 a6 5. b6 d6 6. Nc3 Qxb6 7. Nf3 Nbd7 8. e4
g6 9. Be2 Bg7 10. Nd2 Qd8 11. a4 O-O 12. O-O Rb8 13. a5 Ne8 14. Nc4 Nc7 15. Na4
Nb5 16. Bg5 Re8 17. Rb1 Qc7 18. Nab6 Nf6 19. Nxc8 Rbxc8 20. Bd3 Nd7 21. Bd2 e6
22. dxe6 fxe6 23. h4 d5 24. exd5 exd5 25. Ne3 c4 26. Be2 Nf6 27. Ng4 Ne4 28.
Bg5 Nec3 29. bxc3 Nxc3 30. Bf3 Nxd1 31. Bxd5+ Kh8 32. Rb7 Qxa5 33. Rxd1 Rc7 34.
Bf7 Re1+ 35. Kh2 Rxb7 36. Rd8+ Qxd8 37. Bxd8 Rxf7 0-1

[Event "Bundesliga 9798"]
[Site "Deutschland"]
[Date "1997.??.??"]
[Round "?.4"]
[White "Roos, Daniel"]
[Black "Polzin, Rainer"]
[Result "1/2-1/2"]
[WhiteElo "2420"]
[BlackElo "2445"]
[PlyCount "131"]
[EventDate "1997.10.??"]
[EventType "team"]
[EventRounds "15"]
[EventCountry "GER"]
[SourceTitle "Bundesliga 9798"]
[Source "DeepChess"]
[SourceDate "2005.01.01"]
[SourceVersion "1"]
[SourceVersionDate "2005.01.01"]
[SourceQuality "1"]
[WhiteTeam "SK Zaehringen 1921"]
[BlackTeam "SF Neukoelln 03 e.V."]
[WhiteTeamCountry "GER"]
[BlackTeamCountry "GER"]

1. Nf3 g6 2. d4 Bg7 3. e4 d6 4. Bc4 Nc6 5. O-O Nf6 6. d5 Nb8 7. Nc3 O-O 8. Re1
c6 9. a4 Bg4 10. h3 Bxf3 11. Qxf3 Nbd7 12. Bf1 Rc8 13. a5 a6 14. Be3 e6 15.
dxe6 fxe6 16. Qd1 Qe7 17. Qd2 Ne5 18. Rad1 Rcd8 19. Be2 Nf7 20. Rf1 d5 21. Bb6
Rde8 22. Rfe1 Bh6 23. Qd3 Nd7 24. Na4 Nfe5 25. Qd4 Bg7 26. Qe3 Qb4 27. b3 Nxb6
28. axb6 Nd7 29. Bg4 d4 30. Qd2 Qd6 31. Qa5 h5 32. Bf3 Qf4 33. Nc5 Ne5 34. Nd3
Nxf3+ 35. gxf3 Qh4 36. Kg2 Rf7 37. Rh1 Ref8 38. Ne1 g5 39. Qc5 Qf4 40. Qc4 g4
41. hxg4 hxg4 42. Qxe6 gxf3+ 43. Kf1 Qf6 44. Qxf6 Bxf6 45. Rg1+ Kh8 46. Rd3 Bg7
47. Rg3 Re7 48. Rdxf3 Rxe4 49. Nd3 Rxf3 50. Rxf3 Kg8 51. Rf5 Bf8 52. Re5 Rxe5
53. Nxe5 Bc5 54. Nc4 Kf7 55. Ke2 Ke6 56. Kd3 Kd5 57. f3 Be7 58. Na5 Bd8 59.
Nxb7 Bxb6 60. b4 Ke5 61. Kc4 Kf4 62. Nc5 Kxf3 63. Nxa6 Ba7 64. Nc5 Ke3 65. Nb3
Bb6 66. Nc5 1/2-1/2

[Event "Bundesliga 9798"]
[Site "Deutschland"]
[Date "1997.??.??"]
[Round "?.5"]
[White "Bunzmann, Dimitrij"]
[Black "Toth, Bela"]
[Result "1-0"]
[WhiteElo "2370"]
[BlackElo "2395"]
[PlyCount "121"]
[EventDate "1997.10.??"]
[EventType "team"]
[EventRounds "15"]
[EventCountry "GER"]
[SourceTitle "Bundesliga 9798"]
[Source "DeepChess"]
[SourceDate "2005.01.01"]
[SourceVersion "1"]
[SourceVersionDate "2005.01.01"]
[SourceQuality "1"]
[WhiteTeam "SF Neukoelln 03 e.V."]
[BlackTeam "SK Zaehringen 1921"]
[WhiteTeamCountry "GER"]
[BlackTeamCountry "GER"]

1. d4 d5 2. c4 e6 3. Nf3 Nf6 4. e3 dxc4 5. Bxc4 c5 6. O-O a6 7. Qe2 b5 8. Bb3
Bb7 9. Rd1 Nbd7 10. a4 c4 11. Bc2 Be4 12. Bxe4 Nxe4 13. Nc3 Nxc3 14. bxc3 Be7
15. e4 O-O 16. Bf4 Nb6 17. axb5 axb5 18. Ne5 Rxa1 19. Rxa1 Na4 20. Bd2 Qc7 21.
g3 Rc8 22. Qf3 Bf8 23. h4 Nc5 24. dxc5 Qxe5 25. Ra7 Qf6 26. Qxf6 gxf6 27. Rb7
Bxc5 28. Rxb5 h5 29. Kf1 Kg7 30. Ke2 Kg6 31. Ra5 Bb6 32. Ra6 Bc5 33. Ra4 Bb6
34. Rb4 Rc6 35. Ra4 Bc7 36. Be3 f5 37. exf5+ Kxf5 38. Kf3 Kg6 39. Bd4 f5 40.
Ra8 e5 41. Be3 e4+ 42. Ke2 Be5 43. Rg8+ Kf6 44. Rh8 Ke6 45. Rh6+ Kd5 46. Rxh5
Bxc3 47. Rxf5+ Ke6 48. g4 Be5 49. h5 c3 50. h6 c2 51. Bc1 Rc8 52. Ke3 Rc4 53.
Rf8 Bd4+ 54. Ke2 Rc7 55. Rf4 Ke5 56. g5 Rh7 57. Rf8 e3 58. fxe3 Bc5 59. g6 Rxh6
60. g7 Rh2+ 61. Rf2 1-0

[Event "Bundesliga 9798"]
[Site "Deutschland"]
[Date "1997.??.??"]
[Round "?.6"]
[White "Maier, Christian"]
[Black "Schoene, Ralf"]
[Result "0-1"]
[WhiteElo "2380"]
[BlackElo "2435"]
[PlyCount "88"]
[EventDate "1997.10.??"]
[EventType "team"]
[EventRounds "15"]
[EventCountry "GER"]
[SourceTitle "Bundesliga 9798"]
[Source "DeepChess"]
[SourceDate "2005.01.01"]
[SourceVersion "1"]
[SourceVersionDate "2005.01.01"]
[SourceQuality "1"]
[WhiteTeam "SK Zaehringen 1921"]
[BlackTeam "SF Neukoelln 03 e.V."]
[WhiteTeamCountry "GER"]
[BlackTeamCountry "GER"]

1. e4 e5 2. Nf3 Nc6 3. Bb5 a6 4. Ba4 b5 5. Bb3 Na5 6. d4 exd4 7. Qxd4 Ne7 8.
Bd2 Nxb3 9. axb3 d6 10. O-O Bb7 11. Nc3 Nc6 12. Qe3 Be7 13. Nd5 O-O 14. Bc3 Re8
15. Qf4 b4 16. Nxb4 Nxb4 17. Bxb4 Bf6 18. Bc3 Bxc3 19. bxc3 Rxe4 20. Qg3 Qf6
21. c4 Re2 22. Rac1 Rae8 23. c3 h6 24. Nd4 R2e5 25. f3 c5 26. Nc2 Rg5 27. Rce1
Rf8 28. Qf2 Qxc3 29. Re3 Qf6 30. Rfe1 Bc6 31. Qd2 Qf4 32. Qc3 h5 33. R1e2 d5
34. cxd5 Rxd5 35. g3 Qf5 36. Re5 Rd3 37. Rxf5 Rxc3 38. b4 Bxf3 39. Rf2 Be4 40.
Rxc5 Rxc5 41. bxc5 Rc8 42. Nb4 a5 43. Re2 f5 44. Na6 Rc6 0-1

[Event "Bundesliga 9798"]
[Site "Deutschland"]
[Date "1997.??.??"]
[Round "?.7"]
[White "Berndt, Stephan"]
[Black "Roos, Jean Luc"]
[Result "1-0"]
[WhiteElo "2360"]
[BlackElo "2310"]
[PlyCount "47"]
[EventDate "1997.10.??"]
[EventType "team"]
[EventRounds "15"]
[EventCountry "GER"]
[SourceTitle "Bundesliga 9798"]
[Source "DeepChess"]
[SourceDate "2005.01.01"]
[SourceVersion "1"]
[SourceVersionDate "2005.01.01"]
[SourceQuality "1"]
[WhiteTeam "SF Neukoelln 03 e.V."]
[BlackTeam "SK Zaehringen 1921"]
[WhiteTeamCountry "GER"]
[BlackTeamCountry "GER"]

1. e4 e6 2. d4 d5 3. Nc3 Bb4 4. e5 c5 5. a3 Bxc3+ 6. bxc3 Qa5 7. Bd2 cxd4 8.
cxd4 Qa4 9. Rb1 Qxd4 10. Nf3 Qe4+ 11. Be3 Nc6 12. Bb5 f6 13. O-O fxe5 14. Re1
Bd7 15. Bc5 Qg4 16. h3 Qf4 17. Bxc6 bxc6 18. Nxe5 Nf6 19. Rb7 Rd8 20. Nxd7 Ne4
21. Be3 Qd6 22. Nc5 Nf6 23. Bd4 O-O 24. Nxe6 1-0

[Event "Bundesliga 9798"]
[Site "Deutschland"]
[Date "1997.??.??"]
[Round "?.8"]
[White "Vatter, Hans Joachim"]
[Black "Rudolf, Henrik"]
[Result "1/2-1/2"]
[WhiteElo "2265"]
[BlackElo "2280"]
[PlyCount "107"]
[EventDate "1997.10.??"]
[EventType "team"]
[EventRounds "15"]
[EventCountry "GER"]
[SourceTitle "Bundesliga 9798"]
[Source "DeepChess"]
[SourceDate "2005.01.01"]
[SourceVersion "1"]
[SourceVersionDate "2005.01.01"]
[SourceQuality "1"]
[WhiteTeam "SK Zaehringen 1921"]
[BlackTeam "SF Neukoelln 03 e.V."]
[WhiteTeamCountry "GER"]
[BlackTeamCountry "GER"]

1. d4 g6 2. e4 Bg7 3. Nc3 d6 4. Be3 a6 5. f4 Nf6 6. Nf3 O-O 7. h3 b6 8. e5 Nfd7
9. Bc4 e6 10. Ne2 Bb7 11. O-O b5 12. Bb3 c5 13. c3 cxd4 14. cxd4 Nb6 15. Rc1
Nc6 16. Bf2 Na5 17. Bh4 Qd7 18. Nc3 Rac8 19. Qe2 Nxb3 20. axb3 Nd5 21. Ng5 Nxc3
22. bxc3 Rc7 23. Be1 dxe5 24. fxe5 b4 25. Ne4 Bxe4 26. Qxe4 bxc3 27. Rxc3 Rxc3
28. Bxc3 Qb5 29. Rb1 Bh6 30. Be1 Rc8 31. Bh4 Qb4 32. Kh2 Bf8 33. Qd3 Qb5 34.
Qxb5 axb5 35. Ra1 Bb4 36. Ra7 Bc3 37. Rd7 Bd2 38. Bf6 Bf4+ 39. g3 Bd2 40. Rb7
Bc3 41. Rxb5 Bxd4 42. h4 h5 43. Rb7 g5 44. hxg5 Rc2+ 45. Kh3 Re2 46. g4 hxg4+
47. Kxg4 Bxe5 48. Be7 Kg7 49. Kf3 Rb2 50. Ke4 Re2+ 51. Kd3 Rg2 52. Ke4 Re2+ 53.
Kf3 Rb2 54. Ke4 1/2-1/2

[Event "Bundesliga 9798"]
[Site "Deutschland"]
[Date "1997.??.??"]
[Round "?.2"]
[White "Gallagher, Joseph G"]
[Black "Stohl, Igor"]
[Result "1/2-1/2"]
[WhiteElo "2525"]
[BlackElo "2565"]
[PlyCount "37"]
[EventDate "1997.10.??"]
[EventType "team"]
[EventRounds "15"]
[EventCountry "GER"]
[SourceTitle "Bundesliga 9798"]
[Source "DeepChess"]
[SourceDate "2005.01.01"]
[SourceVersion "1"]
[SourceVersionDate "2005.01.01"]
[SourceQuality "1"]
[WhiteTeam "SV Castrop Rauxel 1923"]
[BlackTeam "SF Neukoelln 03 e.V."]
[WhiteTeamCountry "GER"]
[BlackTeamCountry "GER"]

1. e4 c6 2. d4 d5 3. Nd2 dxe4 4. Nxe4 Nd7 5. Ng5 Ngf6 6. Bd3 e6 7. N1f3 Bd6 8.
O-O h6 9. Ne4 Nxe4 10. Bxe4 Qc7 11. Qe2 O-O 12. c4 c5 13. dxc5 Nxc5 14. Bc2 a5
15. b3 b6 16. Bb2 Bb7 17. Ne5 Rfe8 18. h3 Rad8 19. Rad1 1/2-1/2

[Event "Bundesliga 9798"]
[Site "Deutschland"]
[Date "1997.??.??"]
[Round "?.4"]
[White "Hoffmann, Michael"]
[Black "Polzin, Rainer"]
[Result "1-0"]
[WhiteElo "2440"]
[BlackElo "2445"]
[PlyCount "75"]
[EventDate "1997.10.??"]
[EventType "team"]
[EventRounds "15"]
[EventCountry "GER"]
[SourceTitle "Bundesliga 9798"]
[Source "DeepChess"]
[SourceDate "2005.01.01"]
[SourceVersion "1"]
[SourceVersionDate "2005.01.01"]
[SourceQuality "1"]
[WhiteTeam "SV Castrop Rauxel 1923"]
[BlackTeam "SF Neukoelln 03 e.V."]
[WhiteTeamCountry "GER"]
[BlackTeamCountry "GER"]

1. e4 g6 2. d4 Bg7 3. c4 d6 4. Nc3 Nf6 5. f3 O-O 6. Be3 b6 7. Bd3 a6 8. Nge2 c5
9. Qd2 Nc6 10. d5 Ne5 11. O-O e6 12. dxe6 fxe6 13. Rad1 Bb7 14. Bh6 Qe7 15.
Bxg7 Kxg7 16. b3 Rad8 17. Qb2 Kg8 18. Bb1 Rd7 19. Rd2 Nh5 20. Qc1 g5 21. Rfd1
g4 22. f4 Nf3+ 23. gxf3 gxf3 24. Ng3 Nxf4 25. Kh1 Nh3 26. e5 Qh4 27. Be4 Rg7
28. Bxb7 Rxg3 29. Ne4 Rg4 30. Nf6+ Rxf6 31. exf6 Qf2 32. Rf1 Qe3 33. Bxf3 Rg6
34. Rg2 Qd3 35. Rxg6+ hxg6 36. Qe1 Kf7 37. Bg2 Ng5 38. Qg3 1-0

[Event "Bundesliga 9798"]
[Site "Deutschland"]
[Date "1997.??.??"]
[Round "?.5"]
[White "Bunzmann, Dimitrij"]
[Black "Appel, Ralf"]
[Result "1/2-1/2"]
[WhiteElo "2370"]
[BlackElo "2495"]
[PlyCount "100"]
[EventDate "1997.10.??"]
[EventType "team"]
[EventRounds "15"]
[EventCountry "GER"]
[SourceTitle "Bundesliga 9798"]
[Source "DeepChess"]
[SourceDate "2005.01.01"]
[SourceVersion "1"]
[SourceVersionDate "2005.01.01"]
[SourceQuality "1"]
[WhiteTeam "SF Neukoelln 03 e.V."]
[BlackTeam "SV Castrop Rauxel 1923"]
[WhiteTeamCountry "GER"]
[BlackTeamCountry "GER"]

1. c4 Nf6 2. g3 g6 3. Bg2 Bg7 4. Nf3 O-O 5. d4 c6 6. O-O d5 7. cxd5 cxd5 8. Ne5
e6 9. Nc3 Nfd7 10. f4 Nc6 11. Kh1 Nb6 12. b3 Bd7 13. Ba3 Re8 14. e4 Ne7 15. Qe2
Bc6 16. Rfd1 dxe4 17. Nxe4 Bxe4 18. Bxe4 Nbd5 19. Qf3 Qa5 20. Nc4 Qc7 21. Rac1
Red8 22. Ne5 Nc6 23. Rc4 Rac8 24. Bc5 f6 25. Nxc6 bxc6 26. Re1 Kf7 27. Rc2 f5
28. Bd3 Rd7 29. Bc4 Re8 30. Rce2 Qd8 31. b4 Rb7 32. b5 Rxb5 33. Bxb5 cxb5 34.
Bxa7 Qa8 35. Bc5 Bf6 36. Kg2 Nc3 37. Qxa8 Rxa8 38. Rxe6 Rxa2+ 39. Kh3 Ne4 40.
R6xe4 fxe4 41. Rxe4 Rd2 42. g4 Rd3+ 43. Kg2 Rd2+ 44. Kg3 Rd3+ 45. Kf2 Rd2+ 46.
Ke3 Rxh2 47. g5 Rh3+ 48. Ke2 Bd8 49. d5 h6 50. gxh6 Rxh6 1/2-1/2

[Event "Bundesliga 9798"]
[Site "Deutschland"]
[Date "1997.??.??"]
[Round "?.6"]
[White "Dinstuhl, Volkmar"]
[Black "Schoene, Ralf"]
[Result "1/2-1/2"]
[WhiteElo "2410"]
[BlackElo "2435"]
[PlyCount "135"]
[EventDate "1997.10.??"]
[EventType "team"]
[EventRounds "15"]
[EventCountry "GER"]
[SourceTitle "Bundesliga 9798"]
[Source "DeepChess"]
[SourceDate "2005.01.01"]
[SourceVersion "1"]
[SourceVersionDate "2005.01.01"]
[SourceQuality "1"]
[WhiteTeam "SV Castrop Rauxel 1923"]
[BlackTeam "SF Neukoelln 03 e.V."]
[WhiteTeamCountry "GER"]
[BlackTeamCountry "GER"]

1. c4 f5 2. d4 Nf6 3. Nf3 e6 4. Nc3 Bb4 5. Bg5 h6 6. Bxf6 Bxc3+ 7. bxc3 Qxf6 8.
e3 O-O 9. Bd3 d6 10. e4 Nc6 11. exf5 e5 12. O-O exd4 13. cxd4 Bxf5 14. Bxf5
Qxf5 15. Rb1 b6 16. Re1 Rf6 17. Rb3 Raf8 18. Rbe3 Qg6 19. Kh1 Rf4 20. c5 Nxd4
21. Nxd4 Rxf2 22. Rg1 bxc5 23. Nf3 Qf7 24. a3 Qa2 25. Qc1 Kh7 26. Qc3 Qb2 27.
Qd3+ Kg8 28. Qg6 Qf6 29. Qg3 Ra2 30. Rge1 Ra1 31. h3 c4 32. Qg4 d5 33. Qd7
Rxe1+ 34. Rxe1 Qd6 35. Qxd6 cxd6 36. Rd1 c3 37. Kg1 Rf4 38. Ne1 Ra4 39. Nc2 Ra5
40. Kf2 Kf7 41. Ke3 Ke6 42. Kd3 Rc5 43. Rb1 Rc7 44. Rb3 Ke5 45. Rxc3 Rxc3+ 46.
Kxc3 Kf4 47. Kd4 Kg3 48. Ne3 Kf2 49. h4 g6 50. Nxd5 Kg3 51. Ne7 g5 52. Nf5+
Kxg2 53. h5 Kh3 54. Nxh6 Kh4 55. Nf7 Kxh5 56. Nxd6 g4 57. Ke4 Kg5 58. Nc8 a6
59. Nd6 g3 60. Kf3 Kf6 61. Nc4 Ke6 62. Ne3 Ke5 63. Ke2 Kd4 64. Kd2 Ke4 65. Ng2
Kf3 66. Ne1+ Kf2 67. a4 g2 68. Nxg2 1/2-1/2

[Event "Bundesliga 9798"]
[Site "Deutschland"]
[Date "1997.??.??"]
[Round "?.7"]
[White "Berndt, Stephan"]
[Black "Brendel, Oliver"]
[Result "1-0"]
[WhiteElo "2360"]
[BlackElo "2425"]
[PlyCount "81"]
[EventDate "1997.10.??"]
[EventType "team"]
[EventRounds "15"]
[EventCountry "GER"]
[SourceTitle "Bundesliga 9798"]
[Source "DeepChess"]
[SourceDate "2005.01.01"]
[SourceVersion "1"]
[SourceVersionDate "2005.01.01"]
[SourceQuality "1"]
[WhiteTeam "SF Neukoelln 03 e.V."]
[BlackTeam "SV Castrop Rauxel 1923"]
[WhiteTeamCountry "GER"]
[BlackTeamCountry "GER"]

1. e4 c5 2. Nf3 g6 3. c4 Nc6 4. d4 cxd4 5. Nxd4 Bg7 6. Be3 Nf6 7. Nc3 Ng4 8.
Qxg4 Nxd4 9. Qd1 e5 10. Bd3 O-O 11. O-O d6 12. Rc1 Be6 13. b3 a6 14. Bb1 f5 15.
exf5 Bxf5 16. Qd2 Bxb1 17. Rxb1 Qa5 18. b4 Qc7 19. Nd5 Qf7 20. f4 Qe6 21. Bxd4
exd4 22. Rbe1 Qg4 23. Re7 Rf7 24. Rxf7 Kxf7 25. Re1 b5 26. h3 Qh5 27. Re7+ Kf8
28. Rxg7 Kxg7 29. Qxd4+ Kh6 30. Nf6 Qf5 31. Ng4+ Kh5 32. Qg7 Kh4 33. Qxh7+ Kg3
34. Ne3 Qb1+ 35. Nf1+ Kxf4 36. Qf7+ Ke5 37. Qd5+ Kf6 38. Qxa8 bxc4 39. Qf3+ Kg7
40. Qc3+ Kh7 41. Qxc4 1-0

[Event "Bundesliga 9798"]
[Site "Deutschland"]
[Date "1997.??.??"]
[Round "?.8"]
[White "Hennig, Dirk"]
[Black "Schlemermeyer, Wilhelm"]
[Result "1-0"]
[WhiteElo "2435"]
[BlackElo "2310"]
[PlyCount "83"]
[EventDate "1997.10.??"]
[EventType "team"]
[EventRounds "15"]
[EventCountry "GER"]
[SourceTitle "Bundesliga 9798"]
[Source "DeepChess"]
[SourceDate "2005.01.01"]
[SourceVersion "1"]
[SourceVersionDate "2005.01.01"]
[SourceQuality "1"]
[WhiteTeam "SV Castrop Rauxel 1923"]
[BlackTeam "SF Neukoelln 03 e.V."]
[WhiteTeamCountry "GER"]
[BlackTeamCountry "GER"]

1. d4 d5 2. c4 e6 3. Nc3 Nf6 4. Bg5 Be7 5. e3 O-O 6. Nf3 Nbd7 7. cxd5 Nxd5 8.
Bxe7 Qxe7 9. Bd3 Nxc3 10. bxc3 c5 11. Qb1 g6 12. O-O Rd8 13. e4 cxd4 14. cxd4
e5 15. d5 Nc5 16. Re1 Bd7 17. Bb5 Bg4 18. Nd2 a6 19. Bf1 b5 20. Qb4 Kf8 21.
Rac1 Rac8 22. h3 Bd7 23. Qa5 Qd6 24. Nb3 Nb7 25. Qd2 Rxc1 26. Rxc1 Rc8 27.
Rxc8+ Bxc8 28. g3 f5 29. exf5 gxf5 30. f4 Bd7 31. Kh2 exf4 32. gxf4 a5 33. Nd4
b4 34. Nf3 Nc5 35. Qd4 Kg8 36. Ne5 Be8 37. Nc4 Qc7 38. d6 Qc6 39. Ne5 Qb6 40.
Bc4+ Kf8 41. Nd7+ Nxd7 42. Qh8# 1-0